| 000 | 01109cam a2200301 i 4500 | ||
|---|---|---|---|
| 999 |
_c200447219 _d65431 |
||
| 003 | TR-AnTOB | ||
| 005 | 20230220154548.0 | ||
| 007 | ta | ||
| 008 | 220208s2002 tu 000 0 tur d | ||
| 040 |
_aTR-AnTOB _beng _erda _cTR-AnTOB _dTR-AnTOB |
||
| 041 | _atur | ||
| 050 | 1 | 4 |
_bHD9016.T82 _aK37 2002 |
| 090 |
_aTOBBK HD9016.T82 _bK37 2002 |
||
| 100 | 1 |
_aKarlı, Bahri _eauthor _9135466 |
|
| 245 | 1 | 0 |
_aGAP alanındaki tarıma dayalı sanayi işletmelerinin gelişimi, sorunları ve çözüm yolları/ _cBahri Karlı. |
| 264 | 1 |
_aŞanlıurfa : _bTarımsal Ekonomi Araştırma Enstitüsü, _c2002. |
|
| 300 |
_a102 pages : _btables ; _c30 cm |
||
| 336 |
_atext _btxt _2rdacontent |
||
| 337 |
_aunmediated _bn _2rdamedia |
||
| 338 |
_avolume _bnc _2rdacarrier |
||
| 650 | 0 |
_aTarım endüstrisi _zTürkiye _965401 |
|
| 653 | _aTarım sanayii-Güneydoğu Anadolu Bölgesi 338.1 | ||
| 653 | _a Güneydoğu Anadolu Projesi (GAP) | ||
| 653 | _aEkonomik kalkınma ve büyüme-Güneydoğu Anadolu Bölgesi 338.95667 | ||
| 942 |
_2z _cBK |
||